Оценка качества силосуемого сырья и готовых силосованных кормов (Рекомендации)
Wedi'i Gadw mewn:
| Fformat: | Llyfr |
|---|---|
| Iaith: | Rwseg |
| Cyhoeddwyd: |
Витебск,
2001
|
| Pynciau: | |
| Tagiau: |
Ychwanegu Tag
Dim Tagiau, Byddwch y cyntaf i dagio'r cofnod hwn!
|
MARC
| LEADER | 00000nam a2200000 i 4500 | ||
|---|---|---|---|
| 001 | in00000000388 | ||
| 005 | 20251126061324.8 | ||
| 002 | 513023/О-93-412958 | ||
| 008 | 020507s2001 bwr l000 0yrus d | ||
| 020 | |c 1.00 грн. | ||
| 035 | |a ( UA-KiNSAL)513023/О-93-412958 | ||
| 040 | |a UA-KiNSAL |b ukr |c UA-KiNSAL | ||
| 080 | |a 636.085.52 | ||
| 090 | |a 636.085.52 |b О-93 | ||
| 245 | 0 | 0 | |a Оценка качества силосуемого сырья и готовых силосованных кормов : |b (Рекомендации) / |c Ком. по сел. хоз-ву и продовольствию Витеб. облисполкома. Каф. кормления с.-х. животных ВГАВМ. Лаб. заготовки кормов и использования пастбищ БелНИИ животноводства; Подгот.: О.Ф. Ганущенко и др |
| 260 | |a Витебск, |c 2001 | ||
| 300 | |a 17 с. | ||
| 504 | |a Библиогр.: с. 17 | ||
| 530 | |a Original record |u https://kubg.libs.net.ua/kubg_recs/0000002185.txt | ||
| 650 | 0 | 4 | |a Силос |x Якість |
| 942 | |2 UDC |c BK | ||
| 952 | |a XP |b книга |d ХР |z 20020507 |i 513023 |j 513023/О-93-412958 |o 636.085.52 О-93 |a 1996/25 |g 1.00 |c 1 | ||
| 920 | |a PAZK | ||
| 961 | |a 691 | ||
| 991 | 0 | 0 | |a 513023/О-93-412958 |
| 997 | |a 0000002185 | ||
| 998 | |a 2185 | ||
| 999 | f | f | |i 335185fa-5195-46c5-9df4-7768cd1b3019 |s b73bd267-9078-4bc7-914b-8dad0b3367be |t 0 |
| 952 | f | f | |p Може видаватися |a Національна наукова сільськогосподарська бібліотека |b Центральна будівля |c ННСБ всі підрозділи |d Відділ зберігання |t 0 |e 513023/О-93-412958 |i книга |n 1 |